Ładuje się......
Accounting and finance for bankers /
| Format: | Printed Book |
|---|---|
| Wydane: |
London :
Mac Millan Press ,
2001.
|
| Hasła przedmiotowe: |
| LEADER | 00439cam a2200133ua 4500 | ||
|---|---|---|---|
| 020 | |a 1403-92664-6 | ||
| 082 | 1 | 4 | |a 657 |b ACC |
| 245 | 1 | 0 | |a Accounting and finance for bankers / |
| 260 | |a London : |b Mac Millan Press , |c 2001. | ||
| 300 | |a 542p ; | ||
| 650 | 0 | |a Accounting | |
| 942 | |c BK | ||
| 999 | |c 34721 |d 34721 | ||
| 952 | |0 0 |1 0 |4 0 |6 657_000000000000000_ACC |7 0 |9 44472 |a KU |b KU |d 2015-07-05 |e KU/Pl.D./UGC/786/05 dtd.18/06/2005 |l 0 |o 657 ACC |p MB02629 |r 2020-12-24 |y BK | ||